00702nam a2200241 a 4500001001300000003000900013005001700022008004100039020001000080082001600090100001900106245006800125260003200193300000800225500003500233505001000268650001700278700001900295902000800314942000700322952011600329999001500445nice12345678IN_TiNIC20260116012047.0050524s1913 lona grp 000 0 urd  ac10000a297.8bMUH1 aMuhammad, Syed aTaqreer-E-Iftetahi (seventh All India Shiah Conference, Kanpur) aLondon bNo Publisherc1913 a20p aincludes index and biblioraphy2 aIndex aShiah-Sermon1 aMuhammad, Syed bSRS cBK 001040708StackRoom-aHMIbHMId2007-07-13g100.00l0o297.8 MUH1p06537r2007-07-13v100.00w2005-05-24yBK c5477d5477